Predicción de caudales en el manto acuífero herediano y consumos en la población de San Rafael de Heredia mediante redes neuronales
Guardat en:
| Autor principal: | |
|---|---|
| Format: | Llibre |
| Publicat: |
San José, C.R.
1997
|
| Matèries: | |
| Etiquetes: |
Afegir etiqueta
Sense etiquetes, Sigues el primer a etiquetar aquest registre!
|
MARC
| LEADER | 00000nam a2200000Ia 4500 | ||
|---|---|---|---|
| 003 | 008376 | ||
| 005 | 20221231144226.0 | ||
| 008 | 140114s1997 cr a m 000 ||s d | ||
| 040 | |c cru CEDI | ||
| 090 | |a TFG 3779 | ||
| 100 | |a Ugalde Chacón, Juan José |9 9184 | ||
| 245 | |a Predicción de caudales en el manto acuífero herediano y consumos en la población de San Rafael de Heredia mediante redes neuronales | ||
| 260 | |c 1997 |a San José, C.R. | ||
| 300 | |a vii, 41 hojas : ilustraciones | ||
| 500 | |a Tesis (licenciatura en ingeniería eléctrica)--Universidad de Costa Rica. Facultad de Ingeniería. Escuela de Ingeniería Eléctrica | ||
| 650 | |x RED NERVIOSA |x SAN RAFAEL (HEREDIA, COSTA RICA) - CONSUMO DE AGUA |9 9185 | ||
| 942 | |c TFG | ||
| 999 | |c 18704 |d 18704 | ||
